| 000 | 00393nam a2200169Ia 4500 | ||
|---|---|---|---|
| 003 | 0STCL | ||
| 008 | 150530s9999 xx 000 0 und d | ||
| 040 |
_aSTCL _cSTCL |
||
| 100 | _aSatheesh Chandran | ||
| 245 | _aKuttikalude Arogya Prasanagal | ||
| 260 |
_bPrabhatham ; T V M _c1995 |
||
| 300 | _a0 | ||
| 546 | _aMalayalam | ||
| 942 |
_2ddc _cBK |
||
| 999 |
_c40151 _d40151 |
||
| 005 | 20220125170512.0 | ||